[Event "Vecindario Montalvo Memorial 14th"]
[Site "Vecindario"]
[Date "2022.09.05"]
[Round "3"]
[White "Marrero Rodriguez, Jorge"]
[Black "Basualdo de Ornelas, Jorge"]
[Result "1/2-1/2"]
[WhiteElo "1885"]
[BlackElo "1543"]
[PlyCount "74"]
[EventDate "2022.09.04"]
[EventType "swiss"]
[EventRounds "9"]
[EventCountry "ESP"]
[SourceTitle "CBM 210 Extra"]
[Source "ChessBase"]
[SourceDate "2022.11.30"]
[SourceVersion "1"]
[SourceVersionDate "2022.11.30"]
[SourceQuality "1"]

1. e4 e5 2. Nf3 Nc6 3. Bb5 a6 4. Ba4 Nf6 5. Qe2 b5 6. Bb3 Bc5 7. c3 d6 8. 0-0 0-0 9. a4 Rb8 10. axb5 axb5 11. Na3 b4 12. Nb5 bxc3 13. bxc3 Bg4 14. Bc4 Qd7 15. h3 Bh5 16. d3 Rfe8 17. Bg5 Bg6 18. Bxf6 gxf6 19. g4 Bb6 20. Nh4 Na5 21. Kh1 Nxc4 22. dxc4 c6 23. Na3 d5 24. Rad1 Qe7 25. Nxg6 Qxa3 26. Nh4 Qxc3 27. Kg2 Qxc4 28. Qxc4 dxc4 29. Rc1 Bd4 30. Rxc4 c5 31. Nf5 Rb2 32. Kg3 Ra8 33. f3 Raa2 34. Kh4 Bf2+ 35. Kh5 Ra3 36. Rd1 Bd4 37. Rxc5 Bxc5 1/2-1/2

[Event "Vecindario Montalvo Memorial 14th"]
[Site "Vecindario"]
[Date "2022.09.04"]
[Round "1"]
[White "Marrero Rodriguez, Jorge"]
[Black "Sanchez Arencibia, Heriberto"]
[Result "1-0"]
[WhiteElo "1885"]
[BlackElo "1376"]
[PlyCount "29"]
[EventDate "2022.09.04"]
[EventType "swiss"]
[EventRounds "9"]
[EventCountry "ESP"]
[SourceTitle "CBM 210 Extra"]
[Source "ChessBase"]
[SourceDate "2022.11.30"]
[SourceVersion "1"]
[SourceVersionDate "2022.11.30"]
[SourceQuality "1"]

1. e4 e6 2. d4 d5 3. Nc3 Nf6 4. Bg5 Be7 5. e5 Nfd7 6. Bxe7 Qxe7 7. f4 c5 8. Nb5 Na6 9. Nd6+ Kf8 10. Bxa6 bxa6 11. Nf3 f6 12. 0-0 h6 13. Nh4 Kg8 14. Ng6 Qd8 15. Nxh8 1-0